|
|
|
|
| LEADER |
00000cam a2200000 a 4500 |
| 001 |
vtls009505253 |
| 003 |
SK-MaSNL |
| 005 |
20260301152715.0 |
| 008 |
240314s2009 xo f 000 0 cze |
| 015 |
|
|
|a SNBA2009/06-02940
|
| 020 |
|
|
|a 9788089363186
|q (viaz.)
|
| 035 |
|
|
|a 2E2FD7D3-5122-4D1C-A2CB-8831B04751FB
|
| 035 |
|
|
|a urn:nbn:sk:snk-amk8f7
|
| 035 |
|
|
|a urn:nbn:sk:snk-am00893o
|
| 040 |
|
|
|a SNK
|b slo
|c SNK
|e AACR2
|
| 041 |
0 |
|
|a cze
|
| 044 |
|
|
|a xo
|c SK
|
| 072 |
|
7 |
|a 327
|x Medzinárodné vzťahy, svetová politika
|2 konspekt
|
| 080 |
|
|
|a 327
|2 2001
|
| 080 |
|
|
|a 327(100)
|2 2001
|
| 080 |
|
|
|a ( 075.8)
|2 2001
|
| 100 |
1 |
|
|a Novotný, Adolf
|4 aut
|9 295780
|
| 245 |
1 |
0 |
|a Teorie a praxe mezinárodních vztahů
|c Adolf Novotný
|
| 250 |
|
|
|a 2. rozšír. vyd.
|
| 260 |
|
|
|a Bratislava
|b Bratislavská vysoká škola práva
|c 2009
|
| 300 |
|
|
|a 504 s.
|c 21 cm
|
| 490 |
1 |
|
|a Euro kódex
|
| 500 |
|
|
|a Reg.
|
| 504 |
|
|
|a Bibliogr. s. 497-500
|
| 650 |
0 |
7 |
|a medzinárodné vzťahy
|2 SNKPH
|9 3690
|
| 650 |
0 |
7 |
|a svetová politika
|2 SNKPH
|9 3783
|
| 655 |
|
7 |
|a učebnice vysokých škôl
|2 SNKPH
|9 70191
|
| 810 |
2 |
|
|a Bratislavská vysoká škola práva
|t Eurokódex
|9 319408
|
| 830 |
|
0 |
|a Euro kódex
|9 319119
|
| 919 |
|
|
|a 978-80-89363-18-6
|
| 958 |
|
|
|a CZ
|
| 958 |
|
|
|a NM
|
| 958 |
|
|
|a NB
|
| 958 |
|
|
|a OND
|
| 968 |
|
|
|d 34
|
| 999 |
|
|
|c 789913
|d 791843
|
| 952 |
|
|
|a SNK
|b SNK
|y PREZ
|7 0
|p 17A0620098
|o snkSC 135520
|i snk2009/8110
|8 0
|0 0
|1 0
|4 0
|d 2009-05-05
|l 0
|r 2025-07-01 00:00:00
|w 2026-02-24
|
| 952 |
|
|
|a SNK
|b SNK
|y VYP
|7 0
|p 17A0620097
|o snkSC 135520 D1
|i snk2009/8111
|8 0
|0 0
|1 0
|4 0
|d 2009-05-05
|f 1
|l 0
|r 2026-02-24 01:33:08
|w 2026-02-24
|
| 952 |
|
|
|t snkNOV 327(100)
|a SNKUST
|b SNKUST
|y PREZ
|7 0
|p 17A0653617
|o snkSC 135520 D2
|i snk2010/7298
|8 0
|0 0
|1 0
|4 0
|d 2010-04-13
|l 0
|r 2025-05-28 00:00:00
|w 2026-02-24
|